000 00400nam a22001697a 4500
003 OSt
005 20211214170236.0
008 211214b |||||||| |||| 00| 0 eng d
020 _a0256066914
040 _cHU
082 _a657.48
100 _aFaldwin A. Bruce
_922982
245 _aFINANCIAL ACCOUNTING SCORE BUILDER
260 _aAmerica
_blnc
_c1988
300 _a194
942 _2ddc
_cBOOKS
_n0
999 _c22566
_d22566